Platería popular mexicana (Record no. 4510)

MARC details
000 -CABECERA
campo de control de longitud fija 01062nam a2200253 a 4500
001 - NÚMERO DE CONTROL
campo de control BRCA_4814
005 - FECHA Y HORA DE LA ÚLTIMA TRANSACCIÓN
campo de control 20190320204822.0
008 - DATOS DE LONGITUD FIJA--INFORMACIÓN GENERAL
campo de control de longitud fija 100910s1952----mx-a######---#000-0#spa-#
041 ## - CÓDIGO DE LENGUA
Código de lengua del texto/banda sonora o título independiente spa
044 ## - CÓDIGO DEL PAÍS DE LA ENTIDAD EDITORA/PRODUCTORA
Código MARC del país mx
050 #4 - SIGNATURA TOPOGRÁFICA DE LA BIBLIOTECA DEL CONGRESO
Número de clasificación NK7114
Número de documento/Ítem .P53 2 1952
245 10 - MENCIÓN DE TÍTULO
Título Platería popular mexicana
Mención de responsabilidad, etc. en la realización de esta exposición intervienen las siguientes personas: Daniel F. Rubín de la Borbolla ; coordinación y redacción del catálogo Federico Hernández Serrano ; Carátula de Ziyta Canessi.
260 ## - PUBLICACIÓN, DISTRIBUCIÓN, ETC.
Lugar de publicación, distribución, etc. México
Nombre del editor, distribuidor, etc. Museo Nacional de Artes e Industrias Populares
Fecha de publicación, distribución, etc. 1952
300 ## - DESCRIPCIÓN FÍSICA
Extensión 80 p.
Otras características físicas il.
Dimensiones 18 cm.
440 #0 - MENCIÓN DE SERIE/PUNTO DE ACCESO ADICIONAL--TÍTULO
Título Platería popular mexicana
Designación de volumen o secuencia 3
9 (RLIN) 12200
500 ## - NOTA GENERAL
Nota general Catálogo de la exposición de platería mexicana realizada en el Museo Nacional de Artes e Industrias Populares
500 ## - NOTA GENERAL
Nota general Ejemplar igual a CFG1
500 ## - NOTA GENERAL
Nota general O170
650 14 - PUNTO DE ACCESO ADICIONAL DE MATERIA--TÉRMINO DE MATERIA
Término de materia o nombre geográfico como elemento de entrada Platería mexicana
Subdivisión de forma Catálogo
9 (RLIN) 12201
650 14 - PUNTO DE ACCESO ADICIONAL DE MATERIA--TÉRMINO DE MATERIA
Término de materia o nombre geográfico como elemento de entrada Platería
Subdivisión de forma Exposiciones
9 (RLIN) 11363
650 14 - PUNTO DE ACCESO ADICIONAL DE MATERIA--TÉRMINO DE MATERIA
Término de materia o nombre geográfico como elemento de entrada Museo Nacional de Artes e Industrias Populares (México)
9 (RLIN) 12202
902 ## - CATALOGADOR
Iniciales GFM
942 ## - ELEMENTOS DE PUNTO DE ACCESO ADICIONAL (KOHA)
Fuente del sistema de clasificación o colocación Library of Congress Classification
Tipo de ítem Koha Libros
Holdings
Estado de retiro Estado de pérdida Estado dañado No para préstamo Localización permanente Ubicación/localización actual Fecha de adquisición Número de inventario Total de préstamos Signatura topográfica completa Código de barras Fecha visto por última vez Precio válido a partir de Tipo de ítem Koha
El ejemplar forma parte de la colección y puede ser consultado según las políticas vigentes.       Biblioteca del Museo Franz Mayer (Rogerio Casas-Alatriste) Biblioteca del Museo Franz Mayer (Rogerio Casas-Alatriste) 12/10/2010 O170   NK7114 .P53 2 1952 (O170) 4845 22/03/2019 22/03/2019 Libros